Statistics for Regions / Maakunnat / Landskap of Finland

Click here to take the quiz!

General Stats

  • This quiz has been taken 1,806 times
  • The average score is 13 of 19

Answer Stats

Answer% Correct
Lapland
97%
Uusimaa
90%
Northern Ostrobothnia
79%
North Karelia
77%
Ostrobothnia
77%
Southern Ostrobothnia
76%
South Karelia
73%
Central Finland
70%
Finland Proper
68%
Southern Savonia
68%
Northern Savonia
67%
Kainuu
64%
Pirkanmaa
64%
Åland
62%
Central Ostrobothnia
58%
Satakunta
58%
Tavastia Proper
52%
Kymenlaakso
48%
Päijät-Häme
48%

Score Distribution

Percentile by Number Answered

Percent of People with Each Score

Your Score History

You have not taken this quiz